| 000 | 00849nam a2200253Ia 4500 | ||
|---|---|---|---|
| 003 | OSt | ||
| 005 | 20220923221518.0 | ||
| 006 | a|||||r|||| 00| 0 | ||
| 007 | ta | ||
| 008 | 220922b |||||||| |||| 00| 0 hin d | ||
| 024 | _a197,802 | ||
| 037 | _cTextual | ||
| 040 |
_aARTS _cARTS _bhin |
||
| 041 |
_2hin _ahin |
||
| 082 | _aO152,8NSH1x, N3 | ||
| 100 | _aशर्मा, शिव | ||
| 245 | 0 | _aशिव शर्मा के चुने हुए व्यंग्य | |
| 246 | _aShiv sharmā ke chune hue vyangya | ||
| 260 |
_aबिजनौैर _b हिन्दी साहित्य निकेतन _c1993 |
||
| 300 |
_a176पृ. _ccm. |
||
| 650 |
_aहिन्दी साहित्य _9156264 |
||
| 942 |
_hO152,8NSH1x, N3 _cTEXL _2CC |
||
| 999 |
_c349673 _d349673 |
||